| 000 | 00731cam a2200253 4500500 | ||
|---|---|---|---|
| 005 | 20260329004122.0 | ||
| 041 | _afre | ||
| 042 | _adc | ||
| 100 | 1 | 0 |
_aPortevin, Catherine _eauthor |
| 700 | 1 | 0 |
_aPortevin, Catherine _eauthor |
| 245 | 0 | 0 | _aLe Monde vu d’Asie. Une histoire cartographique |
| 260 | _c2018. | ||
| 500 | _a13 | ||
| 690 | _aAsie | ||
| 690 | _aChine | ||
| 690 | _aCorée | ||
| 690 | _aFabrice Argounès | ||
| 690 | _aHistoire | ||
| 690 | _aInde | ||
| 690 | _aPerse | ||
| 690 | _aPierre Singaravélou | ||
| 786 | 0 | _nPhilosophie magazine | 121 | 8 | 2018-07-01 | p. 57-57 | 1951-1787 | |
| 856 | 4 | 1 | _uhttps://shs.cairn.info/magazine-philosophie-magazine-2018-8-page-57?lang=fr&redirect-ssocas=7080 |
| 999 |
_c1830850 _d1830850 |
||